Statistiken für Deutscher Fußball - Quiz

Klicken Sie hier um das Quiz zu spielen!

Allgemein

  • Dieses Quiz wurde 429 mal gespielt
  • Das Durchschnittsergebnis liegt bei 5 aus 15

Antwortstatistiken

FrageAntwort% Korrekt
In welcher Liga spielt Alemannia Aachen (2.Bundesliga bis 2012)Regionalliga West
65%
Welcher Ehemalige Bundesligist stellte den Spielbetrieb im Jahr 2019 komplett ein?SG Wattenscheid 09
59%
Welcher Verein hat schonmal in der 2.Bundesliga gespielt?SpVgg Unterhaching
59%
Wie heißt das Heimstadion des MSV Duisburg?Schauinsland-Reisen-Arena
50%
Welcher Verein ist am Südlichsten in Deutschland?SC Freiburg
49%
welcher deutscher verein spielte in der jungen bundesliga, war aber kein gründungsmitglied?TSV Neunkirchen
43%
Welcher Verein war kein Gründungsmitglied der Bundesliga?VfL Bochum
42%
Welche "Fanfreundschaft" existiert nicht?1.FC Union Berlin & Eintracht Frankfurt
40%
Welcher Deutscher Verein war früher unter dem Namen "VfB Leipzig" bekannt?Lokomotive Leipzg
34%
Wie viele leute passen in das Max-Morlock Stadion in Nürnberg?>30.000
30%
In welcher Arena spielt der SV Darmstadt?Merck Stadion am Böllenfalltor
24%
Welcher Verein spielt in der nicht in der Regionalliga?Stuttgarter Kickers
18%
Welcher Verein hat die Stadt mit den meisten einwohner?Sinsheim (TSG 1899 Hoffenheim)
15%
Welche Stadien der Stadtrivalen sind nach Luftlinie am engsten nebeneinander?SpVgg Unterhaching & 1860 München
9%
Welcher Ost Deutsche Verein durfte nie in der Bundesliga spielen?Dynamo Dresden
8%

Verteilung der Resultate

Perzentil nach korrekt beantworteten Fragen

Anzahl Personen mit jedem Resultat

Ihre Resultats-Entwicklung

Sie haben dieses Quiz noch nicht gespielt